Kadra Francji Na Euro 2020 - Statystyki

Ogólne statystyki
  • Ten quiz został rozwiązany 294 razy
  • Średni wynik to 15 z 26
Statystyki odpowiedzi
Hint Odpowiedź % Poprawnych
Bramkarz Lloris
98%
Napastnik Mbappe
96%
Pomocnik Pogba
93%
Pomocnik Kante
85%
Napastnik Benzema
84%
Napastnik Griezmann
84%
Obrońca Varane
82%
Obrońca Hernandez
81%
Obrońca Pavard
81%
Napastnik Giroud
78%
Bramkarz Mandanda
72%
Obrońca Kimpembe
67%
Napastnik Dembele
64%
Pomocnik Coman
61%
Pomocnik Rabiot
52%
Obrońca Lenglet
47%
Bramkarz Maignan
44%
Obrońca Kounde
40%
Pomocnik Tolisso
39%
Napastnik Ben Yedder
34%
Obrońca Digne
34%
Pomocnik Lemar
31%
Pomocnik Sissoko
26%
Napastnik Thuram
23%
Obrońca Zouma
16%
Obrońca Dubois
13%
Nie znaleziono quizów pasujących do podanych kryteriów
Rozkład punktacji
Procent ludzi z każdym wynikiem
Percentyl według liczby udzielonych odpowiedzi
Twoja historia wyników
Nie rozwiązałeś tego quizu